[Event "Otocec Krka Terme op"]
[Site "Otocec"]
[Date "2021.07.03"]
[Round "1"]
[White "Brinovec, Dusan"]
[Black "Stukelj, Gasper"]
[Result "1-0"]
[WhiteElo "2206"]
[BlackElo "1872"]
[PlyCount "99"]
[EventDate "2021.07.03"]
[EventType "swiss"]
[EventRounds "9"]
[EventCountry "SLO"]
[SourceTitle "CBM 203 Extra"]
[Source "ChessBase"]
[SourceDate "2021.09.30"]
[SourceVersion "1"]
[SourceVersionDate "2021.09.30"]
[SourceQuality "1"]

1. d4 Nf6 2. Nf3 d5 3. e3 c5 4. Be2 Nc6 5. 0-0 Bf5 6. b3 cxd4 7. exd4 e6 8. Bb2 Bd6 9. c4 Rc8 10. Nbd2 h6 11. Ne5 0-0 12. Nxc6 Rxc6 13. c5 Bb8 14. b4 e5 15. dxe5 Ne4 16. f4 b6 17. Nxe4 Bxe4 18. Bd4 Qh4 19. Qd2 Rg6 20. Bf3 f6 21. Bf2 Qh3 22. Bxe4 dxe4 23. Qd5+ Kh7 24. Qxe4 Qg4 25. h3 Qh5 26. f5 Rg5 27. Bh4 Bxe5 28. Rae1 Re8 29. Kh1 Bc3 30. Qxe8 Qxh4 31. Qe4 Bxe1 32. Rxe1 Qxe4 33. Rxe4 bxc5 34. bxc5 Rxf5 35. Rc4 Re5 36. Kg1 Re7 37. Kf2 Kg6 38. c6 Rc7 39. Ke3 Kf7 40. Kd4 Ke6 41. Kc5 Ke7 42. Rd4 Ke8 43. Kb5 Ke7 44. a4 Ke8 45. Kc5 Ke7 46. a5 Ke8 47. Rb4 Kd8 48. Rb8+ Ke7 49. Rb7 Kd8 50. Kd6 1-0